000 00427nam a2200181Ia 4500
001 10762
005 20260306161856.0
008 260306t1960||||xx |||||||||||||| ||spa||
041 _aESP
082 _a949.322
_bV36 T. 4
100 _aVázquez de Prada, V.
_eAUT
245 0 _aLettres marchandes d anvers
260 _c1960
300 _a403 páginas :
_c
650 _aGEN
654 _aCHU
942 _cLIB
_dJUS
_fJUS
_2ddc
_n
999 _c10762
_d10762